| 000 | 00475nam a22001697a 4500 | ||
|---|---|---|---|
| 003 | NUST - PNEC | ||
| 005 | 20170116180857.0 | ||
| 008 | 150831b xxu||||| |||| 00| 0 eng d | ||
| 020 | _a0071001859 | ||
| 040 | _cLIBRARY | ||
| 082 | _a620.00425 DIE | ||
| 100 |
_96103 _aDieter, George E. |
||
| 245 |
_aEngineering design : Materials and processing approach _cGeorge E. Dieter |
||
| 250 | _aFirst Matric Edition | ||
| 650 |
_96104 _aEngineering design _xME |
||
| 942 |
_2ddc _cBK |
||
| 999 |
_c64857 _d64857 |
||